000 00904nas a2200301 4500
001 BR8807605
003 BR-BrBNA
005 20231205091416.0
007 ta
008 230509b bl.|||p| |||| 00| 00por d
040 _aBR-BrBNA
_bpor
_cBiblioteca Nacional de Agricultura
041 _a(Pt)
072 _aH10
100 1 _aGravena, S.
100 1 _aCruz, V.R. da
100 1 _aBassan, W.A.
100 1 _aSeo, E.H.
100 1 _aGarcia, S.C.
245 1 _aManejo integrado de pragas em algodoeiro na regiao de Presidente Prudente, SP, municipio de Caiua - Sao Paulo
650 _aALGODAO
650 _aCURUQUERE
650 _aLAGARTA
650 _aCONTROLE INTEGRADO
650 _aSAO PAULO
773 0 _tAnais da Sociedade Entomologica do Brasil (Brazil)
_xISSN 0301-8059
_g(Jul 1988), v. 17(1) p. 5-17
_wBR8807605
909 _a202311
_bLúcia
_c55
_dLúcia Elande
942 _2AGRIS
_n0
_cANA
999 _c124883
_d124883